000 00612nam a2200205Ia 4500
003 OSt
005 20250409102458.0
008 210210b1985 xxu||||| |||| 00| 0 eng d
040 _cAL
041 _aKannada
082 _aK894.1 KUMK
100 _aKUMARAVYASA.
_991927
_dಕುಮಾರವ್ಯಾಸ
245 _aKarnata Bharata kathamanjari.
_bಕರ್ಣಾಟಕ ಭಾರತ ಕಥಾಮಂಜರಿ
260 _aBengaluru
_bKannada Samskrati Nirdeshanalaya
_c1985
300 _aiv,624
650 _aKuvempu Masti
_991928
690 _aKannada Poetry
_991929
906 _a038036
942 _2ddc
_cBK
999 _c88101
_d88101